Responses for Show #2169 - Thursday, January 27, 1994

Contestants

[<< previous game]

Annie Gottlieb, a freelance writer from New York City, New York

Joe Shaefer, an investment advisor and author from Honolulu, Hawaii

Andrew Zarutskie, a press secretary originally from Newburgh, New York (whose 2-day cash winnings total $22,600)

[next game >>]

Jeopardy! Round responses

JFK
MOVIE DIRECTORS
THE EARTH
FOOTWEAR
WHAT THE "H"
HODGEPODGE
    $100 1
[NOTE: This was the 490,000th clue entered into the J! Archive, on 2023-07-07.]

Richard Nixon

Annie
    $100 8
Steven Spielberg

Annie
    $100 2
volcanoes

Andrew
    $100 17
combat boots

Andrew
    $100 26
hair

Joe
    $100 16
pineapple

Annie
    $200 3
LBJ (Lyndon Johnson)

Annie
    $200 12
George Lucas

Annie
    $200 4
trenches

Andrew
    $200 20
bucks

Joe
    $200 27
Hollywood

Annie
    $200 18
the Monitor

Annie
    $300 5
the Bay of Pigs

Andrew
    $300 13
Alfred Hitchcock

Andrew
    $300 9
the mantle

Annie
    $300 22
cleats

Triple Stumper
    $300 28
a hookah

Annie
    $300 19
"The Keystone State"

Annie
    $400 6
PT-109

Andrew
    $400 14
Ingmar Bergman

Annie
    $700 10
Arabic

Annie
    $400 23
sandals

Annie
    $400 29
health

Annie
    $400 21
Shredded Wheat

Andrew
    $500 7
Profiles in Courage

Andrew
    $500 15
Frank Capra

Andrew
    $500 11
(Andrew: What are continents?)

islands

AndrewJoe
    $500 24
(Andrew: What is Nike?)
(Joe: What are Air Nikes?)
(Annie: What are Air Jordans?)
(Alex: So no harm, no foul on that one. You each lost the same amount of money.)

Reebok

AndrewJoeAnnie
Triple Stumper
    $500 30
history

Annie
    $500 25
the seven hills of Rome

Joe

Scores at the first commercial break (after clue 15):

Andrew Joe Annie
$1,800 $500 $2,000

Scores at the end of the Jeopardy! Round:

Andrew Joe Annie
$1,800 $800 $3,900

Double Jeopardy! Round responses

MEDIEVAL TIMES
ARCHITECTURE
OPERA
BODIES OF WATER
ASTRONAUT LINGO
WOMEN AUTHORS
    $200 11
the teeth

Andrew
    $200 12
a skylight

Annie
    $200 23
The Marriage of Figaro

Annie
    $200 1
the Persian Gulf

Andrew
    $200 14
an orbit

Annie
    $200 6
Beatrix Potter

Andrew
    $400 15
trade fairs

Triple Stumper
    $400 13
a steeple

Joe
    $400 24
(Alex: We have less than a minute to go.)

Wagner

Joe
    $400 2
the Strait of Gibraltar

Andrew
    $400 25
reentry

Andrew
    $400 7
Edith Wharton

Annie
    $600 16
a ducat

Andrew
    $600 19
Chicago

Triple Stumper
    $600 28
[The end-of-round signal sounds.]

Scott Joplin

Annie
    $600 3
(Annie: What is the Somme?)

the Marne

AndrewAnnie
    $600 8
(Flannery) O'Connor

Joe
    $800 17
(Andrew: Who are cardinals?)

bishops (& abbots)

AndrewAnnie
    $800 20
London

Andrew
    $1,000 27
(Annie: [No response])

Hansel and Gretel

Annie
    $800 4
the Tagus River

Triple Stumper
    $800 9
Colleen McCullough

Annie
    $1000 18
(Andrew: Who is Ignatius of Loyola?)

St. Dominic

Andrew
Triple Stumper
    $2,000 21
(Andrew: What is Whitehall?)

Blenheim Palace

Andrew
    $1000 26
Prokofiev

Annie
    $1000 5
the Bay of Fundy

Annie
    $1000 22
a payload

Annie
    $1000 10
Wendy Wasserstein

Annie

Scores at the end of the Double Jeopardy! Round:

Andrew Joe Annie
$1,400 $2,200 $9,500
(lock game)

[wagering suggestions for these scores]

Final Jeopardy! Round responses

EUROPEAN GEOGRAPHY
AndrewWhat is Luxembourg?
$1,400
JoeWhat is Luxembourg
$2,000
AnnieWhat is Flem
$3,800
Luxembourg

Final scores:

Andrew Joe Annie
$2,800 $4,200 $5,700
3rd place: Olympus 35mm camera 2nd place: Bassett bedroom furniture + Bassett mattress New champion: $5,700

Game dynamics:

Coryat scores:

Andrew Joe Annie
$3,400 $2,200 $10,200
17 R,
5 W
(including 1 DD)
7 R,
1 W
26 R
(including 1 DD),
3 W
(including 1 DD)

Combined Coryat: $15,800

[game clues] [game scores] [suggest correction]

Game tape date: 1993-11-01
The J! Archive is created by fans, for fans. Scraping, republication, monetization, and malicious use prohibited; this site may use cookies and collect identifying information. See terms. The Jeopardy! game show and all elements thereof, including but not limited to copyright and trademark thereto, are the property of Jeopardy Productions, Inc. and are protected under law. This website is not affiliated with, sponsored by, or operated by Jeopardy Productions, Inc. Join the discussion at JBoard.tv.